000 00926cab a2200229 4500
001 ABS45532
008 090401t1991 xxu||||| |||| 00| 0 eng d
035 _a(Sirsi) u53596
041 _aeng
100 _aLloyd, H.
245 _aCheshire hotel cheesed off by limited liability term
260 _c1991
350 _a0
490 _aBuilding
_v256(7724) 6 December 1991, 29(1)
520 _aRelates details of a case concerning Chester Grosvenor Hotel and Alfred McAlpine Management. At issue was the meaning of a limitation of liability clause, whereby the management contractor would only be liable for damages for delay if damages could not be recovered from the construction contractor.
650 _aLIMITATION OF LIABILITY CLAUSE
650 _aMANAGEMENT CONTRACTS
650 _aUNFAIR CONTRACT TERMS ACT 1977 S3
690 _aBUILT ENVIRONMENT-BUILDING CONTRACT FORMS
942 _n0
948 _c04/03/1997
999 _c33018
_d33018